• 首页
  • 本馆介绍
  • 公告通知
  • 最新文献
  • 馆藏检索
  • 电子资源
  • 读者导购
  • 参考咨询
  • 我的图书馆
  • 登录
  • 详细信息显示
  • 放入我的书架
  • 预约/预借图书
  • 作者相关作品
  • 分类相关作品
  • 丛书相关作品
  • 出版社相关作品

书目信息

  • 表格格式
  • 工作单格式
  • 卡片格式
题名:
直视骄阳
    
 
作者: 亚隆 著 ;张亚 译
分册:  
出版信息: 北京   中国轻工业出版社  2009
页数: 268页
开本: 21cm
丛书名:
单 册:
中图分类: B845.9
科图分类:
主题词: 死亡--心理--研究 , 死亡 , 心理
电子资源:
ISBN: 978-7-5019-6686-8
000 00970nam0 2200253 450
001 1559696229
005 20150129163519.89
010    @a978-7-5019-6686-8@dCNY19.80
100    @a20081219d2009 em y0chiy50 ea
101 1  @achi@ceng
102    @aCN@b110000
105    @ay z 000yy
200 1  @a直视骄阳@9zhi shi jiao yang@e征服死亡恐惧@dStaring at the sun@eovercoming the terror of dath@f(美)IRVIN D. YALOM著@g张亚译@zeng
210    @a北京@c中国轻工业出版社@d2009
215    @a268页@d21cm
330    @a作者以七十五岁高龄探讨人们心中普遍存在却又被长期否认和压抑的死亡恐惧。书中除二十三个实际案例和许多文学名著、电影作品中的例子以外,作者还以一位普通老者的身份对内心的死亡恐惧进行了自我表露和深刻剖析,非常难得。
606 0  @a死亡@x心理@x研究
606 0  @a死亡
606 0  @a心理
690    @aB845.9@v5
701  0 @c(美)@a亚隆@9ya long@c(Yalom, Irvin D.)@4著
702  0 @a张亚@9zhang ya@c(女)@4译
801  0 @aCN@bTSSF@c20150129
905    @aZUCC@dB845.9@eJY1
    
    直视骄阳:征服死亡恐惧=Staring at the sun:overcoming the terror of dath/(美)IRVIN D. YALOM著/张亚译.-北京:中国轻工业出版社,2009
    268页;21cm
    
    
    ISBN 978-7-5019-6686-8:CNY19.80
    作者以七十五岁高龄探讨人们心中普遍存在却又被长期否认和压抑的死亡恐惧。书中除二十三个实际案例和许多文学名著、电影作品中的例子以外,作者还以一位普通老者的身份对内心的死亡恐惧进行了自我表露和深刻剖析,非常难得。
●
相关链接 在E读中查询图书 在五车中查询图书 在当当中查询图书 在豆瓣中查询图书


正题名:直视骄阳     索取号:B845.9/JY1         预约/预借

序号 登录号 条形码 馆藏地/架位号 状态 备注
1 7844878   278448789   学院路分馆/ [索取号:B845.9/JY1] 在馆    
2 7844879   278448798   学院路分馆/ [索取号:B845.9/JY1] 在馆    
唐山师范学院图书馆 欢迎您!
大连网信软件有限公司© 版权所有